000 00547nam a2200181Ia 4500
005 20260415160358.0
008 008 250505s9999 xx 000 0 eng d
037 _aReference
040 _aFEDL
_beng
_cFEDL
041 _aeng
_2eng
084 _a372 WOR
_qFEDL
245 0 _aFaciltator's guide for a seminar on improving the quality of education
245 4 _cThe World Bank. Afthr
260 _aWashington, USA
_bThe World Bank
_c1995
300 _avi,18p.
942 _cREF
_h372 WOR
999 _c1400314
_d1400314